Castles of the Night's Watch Quiz Stats

 Plays Quiz Updated Sep 11, 2013

     
Support Sporcle.
Go Orange.
Score 0/19 Timer 08:00
0 Plays Today
Castle % Correct
Castle Black
97.3%
Eastwatch-by-the-Sea
78.2%
The Shadow Tower
65.2%
The Nightfort
56.6%
Greyguard
33.4%
Queensgate
33%
Westwatch-by-the-Bridge
32.1%
Icemark
25.6%
Deep Lake
24.4%
Oakenshield
23.9%
Castle % Correct
The Long Barrow
23.2%
Greenguard
22.1%
Woodswatch-by-the-Pool
21.1%
Sentinel Stand
19%
Stonedoor
18.9%
The Torches
18.7%
Hoarfrost Hill
18.4%
Rimegate
17.8%
Sable Hall
17.4%

From the Vault

Eponymous Movies

by livfred

Movies 7m
It's has been said that 'words have meaning and names have power', that is not always true at the box office.
Remove Ads.
Support Sporcle.
Get the best of Sporcle when you Go Orange. This ad-free experience offers more features, more stats, and more fun while also helping to support Sporcle. Thank you for becoming a member.

Show Comments

Extras

Top Quizzes Today


Score Distribution

Your Account Isn't Verified!

In order to create a playlist on Sporcle, you need to verify the email address you used during registration. Go to your Sporcle Settings to finish the process.

Report this User

Report this user for behavior that violates our Community Guidelines.

Details: